|
|
|
|
| LEADER |
00000naa2a2200000 4500 |
| 001 |
399437 |
| 005 |
20231101065226.0 |
| 035 |
|
|
|a (RuTPU)RU\TPU\prd\40757
|
| 090 |
|
|
|a 399437
|
| 100 |
|
|
|a 20060111a2005 k y0rusy50 ca
|
| 101 |
0 |
|
|a rus
|
| 102 |
|
|
|a RU
|
| 200 |
1 |
|
|a Технические средства для автономного, имплантируемого аппарата вспомогательного кровообращения нового поколения
|f Д. А. Сурков
|
| 225 |
1 |
|
|a Посвящается 75-летию МАИ
|
| 320 |
|
|
|a Библиогр.: 2 назв.
|
| 461 |
|
0 |
|0 (RuTPU)RU\TPU\prd\2287
|t Промышленные АСУ и контроллеры
|o ежемесячный научно-технический производственный журнал
|d 2002-
|
| 463 |
|
0 |
|0 (RuTPU)RU\TPU\prd\40324
|t № 11
|v С. 57-58
|d 2005
|
| 610 |
1 |
|
|a вспомогательное кровообращение
|
| 610 |
1 |
|
|a технические средства
|
| 610 |
1 |
|
|a имплантируемые аппараты
|
| 610 |
1 |
|
|a аппаратная реализация
|
| 610 |
1 |
|
|a искусственные желудочки сердца
|
| 610 |
1 |
|
|a трансплантология
|
| 700 |
|
1 |
|a Сурков
|b Д. А.
|
| 801 |
|
1 |
|a RU
|b 63413507
|c 20060111
|g PSBO
|
| 942 |
|
|
|c BK
|